[Event "SWZ-ch"]
[Site "Graechen"]
[Date "1999.??.??"]
[Round "?"]
[White "Zueger, Beat"]
[Black "Klauser, Markus"]
[Result "1-0"]
[WhiteElo "2424"]
[BlackElo "2378"]

1.c4 e5 2.g3 Nf6 3.Bg2 Bc5 4.Nc3 O-O 5.e3 d6 6.Nf3 Nc6 7.O-O Bg4 8.h3 Bh5
9.d3 a6 10.b3 Ba7 11.Bb2 Nd7 12.Qd2 f5 13.Nd5 Nc5 14.Nh4 Qd7 15.d4 Ne4 16.Qd3 Rae8
17.Nxf5 Ng5 18.g4 e4 19.Qc2 Rxf5 20.f4 exf3 21.gxf5 Nxd4 22.Bxd4 Bxd4 23.exd4 Re2
24.Qd3 Rxg2+ 25.Kh1 Nxh3 26.Rxf3 Nf2+ 27.Rxf2 Rxf2 28.Nf6+ gxf6 29.Qg3+ Qg7
30.Qxf2 Qh6 31.Kg1 Bg4 32.Qg3 Qg5 33.Rf1 h5 34.Rf4 Kh7 35.Kf2 Qg7 36.Qe3 Qd7
37.Qe6 Qc6 38.Qf7+ Kh8 39.Qxf6+ Kh7 40.Qg6+ Kh8 41.f6  1-0

[Event "Alfoeld Cup op"]
[Site "Hajduszoboszlo"]
[Date "1999.??.??"]
[Round "3"]
[White "Szarvas, Peter"]
[Black "Barva, Attila"]
[Result "1-0"]
[WhiteElo "2165"]
[BlackElo "2300"]

1.c4 e5 2.g3 Nc6 3.Bg2 f5 4.Nc3 Nf6 5.Rb1 a5 6.d3 h6 7.Nf3 g6 8.Nh4 Ne7 9.e4 f4
10.d4 d6 11.dxe5 dxe5 12.Qxd8+ Kxd8 13.gxf4 Be6 14.fxe5 Nd7 15.b3 Nxe5 16.O-O g5
17.Rd1+ Kc8 18.Nf3 Bg7 19.Nxe5 Bxe5 20.Nd5 Ng6 21.Bb2 Bxb2 22.Rxb2 Rf8 23.Rbd2 Bg4
24.f3 Bxf3 25.Bxf3 Ra6 26.Bg4+ Kb8 27.Rf1 Rd8 28.Rdf2 Ne5 29.Rf8 Rd6 30.Rxd8+ Rxd8
31.h3 c6 32.Ne7 a4 33.Rd1 Rh8 34.Bh5 axb3 35.axb3 Rf8 36.Kg2 Rf4 37.Ng6 Rxe4
38.Nxe5 Rxe5 39.Kf3 Rf5+ 40.Ke3 Re5+ 41.Kd4 Rf5 42.Re1 c5+ 43.Ke4 Rf4+ 44.Kd5 Rh4
45.Bg4 h5 46.Re8+ Ka7 47.Bc8 g4 48.hxg4 hxg4 49.Kxc5 Rh5+ 50.Kb4 Rg5 51.Re7 Rg8
52.Be6 Rg6 53.Bd5 g3 54.c5 g2 55.Rxb7+ Ka6 56.Bxg2 Rg4+ 57.Kc3 Rxg2 58.Rb6+ Ka7
59.Kc4 Rc2+ 60.Kb5 Rg2  1-0

[Event "Hallsberg opJ"]
[Site "Hallsberg"]
[Date "1999.??.??"]
[Round "9"]
[White "Loetscher, Roland"]
[Black "Jakupovic, Neven"]
[Result "1/2-1/2"]
[WhiteElo "2180"]
[BlackElo "2272"]

1.c4 e5 2.g3 f5 3.Bg2 Nf6 4.Nc3 Nc6 5.e3 g6 6.Nge2 Bg7 7.O-O O-O 8.Rb1 Kh8
9.d3 Ne7 10.f4 d6 11.b4 Bh6 12.Nd5 Nfxd5 13.cxd5 g5 14.Bb2 Ng6 15.Kh1 Bd7
16.Qc2 Bg7 17.Rbc1 Rc8 18.Qd2 h5 19.e4 gxf4 20.gxf4 Qh4 21.Qe1 Qxe1 22.Rcxe1 fxe4
23.dxe4 Nxf4 24.Nxf4 Rxf4 25.Bc1 Rxf1+ 26.Rxf1 Rf8 27.Be3 Rxf1+ 28.Bxf1 a6
29.Be2 Be8 30.Bg5 Kg8 31.Kg2 Bg6 32.Kf3 Kf7 33.Bd8 Bh6 34.Bxc7 Ke7 35.b5 axb5
36.Bxb5 Bf4  1/2-1/2

[Event "HUN-chT9899"]
[Site "HUN"]
[Date "1999.??.??"]
[Round "?"]
[White "Stohl, Igor"]
[Black "Varga, Zoltan"]
[Result "1-0"]
[WhiteElo "2540"]
[BlackElo "2565"]

1.c4 e5 2.g3 g6 3.d4 Nc6 4.d5 Nce7 5.d6 cxd6 6.Nc3 Nc6 7.Bg2 b6 8.Nf3 Bb7
9.O-O Qb8 10.b3 f6 11.Ba3 Nd8 12.Qd2 Nf7 13.Rfd1 Ne7 14.Rac1 Bc6 15.Ne1 Qb7
16.Bxd6 Bh6 17.e3 Nf5 18.Nb5 Bxg2 19.Nxg2 Ng5 20.Qd5 Qxd5 21.Rxd5 Nxd6 22.Nxd6+ Ke7
23.Rcd1 Rab8 24.f4 Ne6 25.fxe5 fxe5 26.Rxe5 Bg7 27.Red5 Rhd8 28.Nf4 a6 29.Ne4 Nc7
30.R5d2 Be5 31.Ng5 Bxf4 32.exf4 h6 33.Nf3 Ne6 34.Ne5  1-0

[Event "HUN-chT9899"]
[Site "HUN"]
[Date "1999.??.??"]
[Round "?"]
[White "Papp, Nandor"]
[Black "Csoke, Adrienn"]
[Result "1-0"]
[WhiteElo "2160"]
[BlackElo "2195"]

1.c4 e5 2.g3 c6 3.Bg2 d5 4.cxd5 cxd5 5.d4 Nc6 6.dxe5 Be6 7.Nf3 Qd7 8.O-O d4
9.b3 Nge7 10.Bb2 Rd8 11.Na3 Bg4 12.Nb5 Nf5 13.Qc1 a6 14.Nd6+ Bxd6 15.exd6 Qxd6
16.h3 Bxf3 17.Bxf3 O-O 18.Ba3 Nb4 19.Qd2 a5 20.Bxb7 Rfe8 21.Bf3 Qb6 22.Bxb4 axb4
23.Qd3 g6 24.a4 bxa3 25.Rxa3 Rc8 26.Ra6 Qb4 27.Ra4 Qb6 28.Rc4 Rb8 29.Rb1 Red8
30.b4 Qf6 31.Rd1 h5 32.Be4 Rb5 33.Bxf5 Rxf5 34.Rxd4 Rxd4 35.Qxd4 Qe6 36.Rd2 Rb5
37.Qc3 Rb8 38.Qc7 Re8 39.Kh2 Re7 40.Qc3 Re8 41.Qd4 Qa6 42.e3 Re6 43.Qc3 Re8
44.Qd3 Qf6 45.Kg2 Qb6 46.Qd7  1-0

[Event "HUN-chT29899"]
[Site "HUN"]
[Date "1999.??.??"]
[Round "?"]
[White "Kahan, Robert"]
[Black "Kaman, Attila"]
[Result "1/2-1/2"]
[WhiteElo "2190"]
[BlackElo "2180"]

1.c4 e5 2.g3 d6 3.Bg2 g6 4.Nc3 Bg7 5.e3 Ne7 6.Nge2 O-O 7.O-O c6 8.d4 Nd7
9.b3 Nf5 10.dxe5 dxe5 11.Qc2 Re8 12.Bb2 Nf6 13.Rad1 Qe7 14.e4 Nh6 15.Nb1 Bg4
16.Rd3 Rad8 17.Rfd1 Rxd3 18.Qxd3 Nd7 19.Ba3 Nc5 20.Qd2 Bxe2 21.Qxe2 Bf8 22.Bh3  1/2-1/2

[Event "Klatovy op-A"]
[Site "Klatovy"]
[Date "1999.??.??"]
[Round "8"]
[White "Shurygin, Sergey"]
[Black "Hosticka, Frantisek"]
[Result "1-0"]
[WhiteElo "2405"]
[BlackElo "2234"]

1.c4 e5 2.g3 Nf6 3.Bg2 g6 4.d4 Bb4+ 5.Nc3 Bxc3+ 6.bxc3 d6 7.Nf3 Nbd7 8.O-O Qe7
9.c5 dxc5 10.dxe5 Nxe5 11.Nxe5 Qxe5 12.Bf4 Qe7 13.Rb1 Nh5 14.Bxb7 Bxb7 15.Rxb7 O-O
16.Rxc7 Qe6 17.Be3 Qxa2 18.Rxc5 Rfe8 19.Qd5 Qxe2 20.Rc7 Rf8 21.Rxf7 Rxf7
22.Qxa8+ Kg7 23.Qe8 Qf3 24.Re1 Qd5 25.Bd4+ Kh6 26.Qe3+ Qg5 27.Qe6 Rf5 28.Be3 Nf4
29.Qe4 Nh3+ 30.Kg2 Rxf2+ 31.Kxh3  1-0

[Event "EU-ch02 blind "]
[Site "Krynica"]
[Date "1999.??.??"]
[Round "1"]
[White "Rehorek, Radomir"]
[Black "Strizhnev, Piotr"]
[Result "0-1"]
[WhiteElo "1980"]
[BlackElo "2260"]

1.c4 e5 2.g3 Nc6 3.Bg2 g6 4.Nc3 Bg7 5.e3 Nge7 6.Nge2 d6 7.O-O Be6 8.b3 Qd7
9.Nd5 Nd8 10.Bb2 c6 11.Nxe7 Qxe7 12.d4 O-O 13.d5 cxd5 14.cxd5 Bd7 15.Rc1 f5
16.Rc7 Rb8 17.Qd2 Nf7 18.Qb4 Rfc8 19.Rfc1 Qd8 20.Rxb7 a5 21.Rxd7 Rxc1+ 22.Bxc1 axb4
23.Rxd8+ Rxd8 24.Bd2 Ra8 25.Nc1 e4 26.f3 Rc8 27.fxe4 Rc2 28.Bxb4 Rxc1+ 29.Kf2 Rc2+
30.Kf1 Rxa2 31.exf5 gxf5 32.Bh3 Rxh2 33.Bxf5 Rb2 34.Be6 Be5  0-1

[Event "EU-ch02 blind "]
[Site "Krynica"]
[Date "1999.??.??"]
[Round "5"]
[White "Rehorek, Radomir"]
[Black "Khokhlov, Veceslav"]
[Result "0-1"]
[WhiteElo "1980"]
[BlackElo "2275"]

1.c4 e5 2.g3 Nf6 3.Bg2 Nc6 4.Nc3 Bb4 5.e3 Bxc3 6.bxc3 O-O 7.Ne2 d6 8.O-O Be6
9.d3 Qd7 10.e4 Bh3 11.f4 Bxg2 12.Kxg2 Ne7 13.f5 c6 14.Bg5 d5 15.Bxf6 gxf6
16.cxd5 cxd5 17.g4 dxe4 18.dxe4 Qc6 19.Qd3 Rfd8 20.Qe3 Rd6 21.Rad1 Rad8 22.Rxd6 Rxd6
23.Rf3 Qc4 24.Kf2 b6 25.Rg3 Qc5 26.g5 Qxe3+ 27.Kxe3 fxg5 28.Rxg5+ Kf8 29.Rh5 h6
30.Ng3 Ng8 31.Ne2 Rd1 32.c4 Nf6 33.Rh4 Kg7 34.Nc3 Rd4 35.Nb5 Rxc4 36.Nxa7 Ra4
37.Nc6 Ra3+ 38.Kd2 Rxa2+ 39.Kd3 Nd7 40.Kc4 Rd2 41.Kc3 Rd6 42.Nb4 Nc5 43.Nc2 Nd7
44.Rg4+ Kh7 45.Rg2 Nf6 46.Re2 Rc6+ 47.Kb3 h5 48.h4 Rd6 49.Kb4 Rd1 50.Kb5 Rh1
51.Nb4 Rxh4 52.Nd5 Ng4 53.Kxb6 Rh2 54.Nf6+ Nxf6 55.Rxh2 Kh6 56.Kc5 Kg5 57.Kd6 Ng4
58.Rg2 h4 59.Ke7 f6 60.Rxg4+ Kxg4 61.Kxf6 h3 62.Kxe5 h2 63.f6 h1=Q 64.Kd6 Qxe4
65.f7 Qb4+ 66.Kd7 Qf8  0-1

[Event "La Bordeta op"]
[Site "La Bordeta"]
[Date "1999.??.??"]
[Round "4"]
[White "Vidarte Morales, Arturo"]
[Black "Fontana Sotomayour, Javier"]
[Result "1-0"]
[WhiteElo "2420"]
[BlackElo "2280"]

1.c4 e5 2.g3 Nf6 3.Nc3 d5 4.cxd5 Nxd5 5.Nf3 Nc6 6.Bg2 Nb6 7.O-O Be7 8.a3 a5
9.d3 O-O 10.Be3 Bg4 11.Rc1 f5 12.Na4 Nxa4 13.Qxa4 Kh8 14.Rc4 Bd6 15.Rfc1 Rb8
16.Qd1 f4 17.Bc5 Be6 18.R4c3 fxg3 19.hxg3 Qf6 20.Be3 Ne7 21.Bg5 Qf7 22.Rxc7 Bxc7
23.Rxc7 Rbe8 24.Rxb7 Bd5 25.Ra7 h6 26.Be3 Qe6 27.Rxa5 Rd8 28.Qa4 Nc6 29.Ra6 Rf6
30.Qh4 Qc8 31.Rb6 Re8 32.Bg5 Rd6 33.Be3 Qc7 34.Rb5 e4 35.Ne1 Rdd8 36.dxe4 Bc4
37.Bxh6 gxh6 38.Qxh6+ Qh7 39.Qf6+  1-0

[Event "La Coruna op 10th"]
[Site "La Coruna"]
[Date "1999.??.??"]
[Round "7"]
[White "Suba, Mihai"]
[Black "Sanz Alonso, Francisco Javier"]
[Result "1/2-1/2"]
[WhiteElo "2505"]
[BlackElo "2435"]

1.c4 e5 2.g3 Nf6 3.Bg2 Nc6 4.Nc3 Bb4 5.Nd5 Bc5 6.a3 a5 7.e3 d6 8.Ne2 Nxd5
9.cxd5 Ne7 10.d4 exd4 11.Nxd4 O-O 12.O-O Bd7 13.Re1 a4 14.Qd3 Bb6 15.Bd2 c6
16.dxc6 bxc6 17.Rac1 c5 18.Bxa8 Qxa8 19.Nb5 Qf3 20.Qf1 Bc6 21.e4 Bxe4 22.Rxe4 Qxe4
23.Nxd6 Qg6 24.Nc4 Rd8 25.Qe1 Nf5 26.Nxb6 Nd4 27.Qe7 Qxb6 28.Rxc5 Ne6 29.Rf5 f6
30.Ba5 Rd1+ 31.Kg2 Qc6+ 32.Kh3 Ng5+ 33.Kh4 Rd4+ 34.f4 Nf3+ 35.Kh3 Ng1+ 36.Kh4 Nf3+
37.Kh3 Ng1+ 38.Kh4 Nf3+  1/2-1/2

[Event "La Coruna op 10th"]
[Site "La Coruna"]
[Date "1999.??.??"]
[Round "9"]
[White "Suba, Mihai"]
[Black "Garcia Carbo, Marcial"]
[Result "1/2-1/2"]
[WhiteElo "2505"]
[BlackElo "2340"]

1.c4 e5 2.g3 Nc6 3.Nc3 g6 4.d3 Bg7 5.Bg2 f5 6.e4 d6 7.Nge2 Nh6 8.Nd5 O-O
9.h3 Be6 10.Be3 g5 11.exf5 Nxf5 12.Bd2 h6 13.O-O Qd7 14.b4 Rf7 15.b5 Ncd4
16.Bc3 Raf8 17.Nxd4 Nxd4 18.Bxd4 exd4 19.Qh5 c6 20.bxc6 bxc6 21.Nb4 Rc8 22.Rae1 Bf5
23.f4 g4 24.hxg4 Bxg4 25.Qa5 Bh3 26.Qa4 Qg4 27.Kh2 Bxg2 28.Kxg2 h5 29.Qd1 Rb7
30.a3 a5 31.Nc2 Qf5 32.Rf2 Bf6 33.Rh1 Rh7 34.Qf3 d5 35.cxd5 cxd5 36.Ne1 Re8
37.Nc2 Kh8 38.Re2 Rg8 39.Kf1 h4 40.gxh4 Rg4 41.Rf2 Rhxh4 42.Rfh2 Qxf4 43.Rxh4+ Bxh4
44.Qxf4 Rxf4+ 45.Ke2 Kg7 46.Rg1+ Kf7 47.Rf1 Rxf1 48.Kxf1 Be7 49.a4 Bc5 50.Kg2 Ke6
51.Kf3 Kf5 52.Na1 Bb6 53.Nb3 Bc7 54.Nd2 Be5  1/2-1/2

[Event "Lenk op"]
[Site "Lenk"]
[Date "1999.??.??"]
[Round "3"]
[White "Foisor, Ovidiu"]
[Black "Meyer, Harvey"]
[Result "1-0"]
[WhiteElo "2491"]
[BlackElo "2139"]

1.c4 e5 2.g3 Nf6 3.Bg2 c6 4.d4 exd4 5.Qxd4 d5 6.Nf3 Be7 7.cxd5 cxd5 8.Be3 O-O
9.O-O Ne4 10.Qa4 Nc6 11.Rd1 Be6 12.Nd4 Nc5 13.Qc2 Nxd4 14.Bxd4 Rc8 15.Nc3 Nd7
16.Qb3 Nc5 17.Bxc5 Bxc5 18.Bxd5 Bxd5 19.Rxd5 Qe7 20.Rad1 Rfe8 21.R1d3 Rc7
22.Qa4 Kf8 23.Qf4 a6 24.e3 h6 25.Rf5 Ba7 26.Kg2 Rd7 27.Rxf7+ Qxf7 28.Rxd7 Qxf4
29.gxf4 Re7 30.Rxe7 Kxe7 31.Kf3 Kd6 32.Ke4 Ke6 33.f5+ Kf7 34.Nd5 Bb8 35.h4 g6
36.Nf4 g5 37.hxg5 hxg5 38.Nd3 Bd6 39.Ne5+ Kf6 40.Ng4+ Kf7 41.Kd5  1-0

[Event "Lenk op"]
[Site "Lenk"]
[Date "1999.??.??"]
[Round "5"]
[White "Foisor, Ovidiu"]
[Black "Bischoff, Peter"]
[Result "1-0"]
[WhiteElo "2491"]
[BlackElo "2187"]

1.c4 e5 2.g3 Nf6 3.Bg2 d5 4.cxd5 Nxd5 5.Nf3 Nc6 6.O-O Nb6 7.Nc3 Be7 8.a3 O-O
9.b4 a6 10.d3 f5 11.Bb2 Bf6 12.Rc1 Qe8 13.e4 Qf7 14.Nd5 Be6 15.Nxf6+ gxf6
16.exf5 Bxf5 17.Nh4 Bd7 18.f4 Nd5 19.Qf3 Nde7 20.fxe5 fxe5 21.Qxf7+ Rxf7
22.Rxf7 Kxf7 23.Rf1+ Kg7 24.Re1 Kf6 25.Nf3 Ng6 26.d4 exd4 27.Nxd4 Kg5 28.Ne6+ Bxe6
29.Rxe6 Rf8 30.Bxc6 bxc6 31.Rxc6  1-0

[Event "POR-ch (Women)"]
[Site "Lisboa"]
[Date "1999.??.??"]
[Round "4"]
[White "Silva, Ceu"]
[Black "Leite, Catarina"]
[Result "0-1"]
[WhiteElo "2015"]
[BlackElo "2035"]

1.c4 e5 2.g3 Ne7 3.Nc3 d5 4.cxd5 Nxd5 5.Bg2 Be6 6.Nxd5 Bxd5 7.Qa4+ Bc6 8.Bxc6+ Nxc6
9.Nf3 Qd7 10.O-O Bd6 11.d3 O-O 12.Bd2 Qe6 13.Ng5 Qg6 14.Qe4 f5 15.Qc4+ Kh8
16.Kg2 Nd4 17.Rae1 b5 18.Qc1 Rae8 19.Bc3 Nc6 20.Bd2 Ne7 21.Nf3 f4 22.e4 Rf6
23.d4 Ng8 24.dxe5 Bxe5 25.Nxe5 Rxe5 26.Bc3 Rc5 27.f3 b4 28.e5 Re6 29.Qxf4 bxc3
30.bxc3 Rxc3 31.Re2 Rc2 32.Rff2 Rxe2 33.Rxe2 Rc6 34.Qa4 Qd3 35.Rf2 Qa6 36.Qxa6 Rxa6
37.f4 Ne7 38.g4 Ra5 39.h3 Kg8 40.Re2 g6 41.Kg3 Ra3+ 42.Kg2 Nd5 43.Rf2 Re3
44.h4 c5 45.Rf3 Re2+  0-1

[Event "Mendrisio op"]
[Site "Mendrisio"]
[Date "1999.??.??"]
[Round "5"]
[White "Habibi, Ali"]
[Black "Fierz, Martin"]
[Result "1/2-1/2"]
[WhiteElo "2340"]
[BlackElo "2194"]

1.c4 e5 2.g3 Nc6 3.Bg2 g6 4.Nc3 Bg7 5.d3 d6 6.e4 Nge7 7.Nge2 O-O 8.O-O f5
9.f4 fxe4 10.dxe4 Bg4 11.h3 Be6 12.Nd5 Qd7 13.Kh2 Nd4 14.Nxd4 exd4 15.b3 c6
16.Nxe7+ Qxe7 17.Ba3 c5 18.Qd3 Bd7 19.Rae1 Bc6 20.Re2 b6 21.Rfe1 Qd7 22.b4 Rae8
23.b5 Bb7 24.Bc1 a6 25.bxa6 Bxa6 26.Rb2 d5 27.Rxb6 Bxc4 28.Qb1 dxe4 29.Rxe4 Bd5
30.Rxe8 Rxe8 31.Rb8 Bxg2 32.Kxg2 c4 33.Qb4 c3 34.Qc4+ Kh8 35.Rxe8+ Qxe8 36.Kf2 h6
37.g4 Qe4 38.f5 Kh7 39.Qf7 Qc2+ 40.Kf3 Qd3+ 41.Kf2 Qc2+ 42.Kf3 Qd3+  1/2-1/2

[Event "GER-chJMB"]
[Site "Neumuenster"]
[Date "1999.??.??"]
[Round "?"]
[White "Wegerle, Joerg"]
[Black "Liebold, Thomas"]
[Result "1/2-1/2"]
[WhiteElo "2136"]
[BlackElo "2121"]

1.c4 e5 2.g3 g6 3.Bg2 Bg7 4.Nc3 Ne7 5.e4 O-O 6.Nge2 Nbc6 7.O-O d6 8.d3 Be6
9.Be3 Qd7 10.Qd2 Bh3 11.Nd5 Bxg2 12.Kxg2 f5 13.f3 Nd8 14.Nxe7+ Qxe7 15.exf5 gxf5
16.f4 Ne6 17.Rf2 Nd4 18.Bxd4 exd4 19.Ng1 Rae8 20.Re2 Qd7 21.Rae1 b5 22.cxb5 Qxb5
23.Nf3 h6 24.b3 Bf6 25.Kf2 Kf7 26.Qc2 c5 27.Rxe8 Rxe8 28.Rxe8 Qxe8 29.Qe2 Qc6
30.Nd2 Qd7 31.h3 Kg6 32.Nc4 h5 33.Kg2 Be7 34.Qf3 Qe6 35.Kf2 Bf6 36.Qc6 h4
37.Qf3 hxg3+ 38.Qxg3+ Kh5 39.Qf3+ Kh6 40.Qa8 d5 41.Ne5 Bxe5 42.fxe5 Qxe5
43.Qf8+ Kh5 44.Qf7+  1/2-1/2

[Event "RUS-ch sf"]
[Site "Novosibirsk"]
[Date "1999.??.??"]
[Round "8"]
[White "Lopushnoy, Denis"]
[Black "Ivanov, Timur"]
[Result "0-1"]
[WhiteElo "2399"]
[BlackElo "2390"]

1.g3 e5 2.c4 Nc6 3.Bg2 g6 4.Nc3 Bg7 5.Rb1 d6 6.b4 Nf6 7.d3 O-O 8.e3 Bg4 9.Nge2 Qd7
10.b5 Nd8 11.h3 Be6 12.a4 a6 13.Nd5 Ne8 14.Qb3 Kh8 15.Bd2 f5 16.O-O f4 17.exf4 Bxh3
18.fxe5 dxe5 19.Bc3 Bxg2 20.Kxg2 axb5 21.axb5 Qf5 22.Ng1 Ne6 23.Rbe1 Nc5
24.Qb1 Nxd3 25.Re3 e4 26.Bxg7+ Nxg7 27.f3 c6 28.Nc3 Qg5 29.Rxe4 Nc5 30.f4 Qg4
31.Re5 Nf5 32.Nce2 Nd7 33.Re4 Nf6 34.Re5 Nh5 35.Qb2 Kg8 36.Qb3 c5 37.Kh2 Rae8
38.Qf3 Nf6 39.Rxe8 Rxe8 40.Qxg4 Nxg4+ 41.Kh3 h5 42.Ra1 Kg7 43.Nc3 Re3 44.Nge2 Rf3
45.Kg2 Rf2+ 46.Kg1 Nfe3  0-1

[Event "ISR-ch op"]
[Site "Ramat Aviv"]
[Date "1999.??.??"]
[Round "7"]
[White "Berkovich, Mark A"]
[Black "Ribshtein, Nati"]
[Result "1/2-1/2"]
[WhiteElo "2420"]
[BlackElo "2300"]

1.c4 e5 2.g3 Nf6 3.Bg2 d5 4.cxd5 Nxd5 5.Nf3 Nc6 6.O-O Nb6 7.b3 g6 8.Nc3 Bg7
9.Ba3 a5 10.Ne1 Nb4 11.Nd3 Nxd3 12.exd3 f5 13.Rc1 Qxd3 14.Re1 Kf7 15.Na4 Qd8
16.Nxb6 cxb6 17.Qc2 Re8 18.Qc4+ Be6 19.Qc7+ Kg8 20.Bxb7 Ra7 21.Bb2 Qxd2 22.Ba1 Qd7
23.Qxd7 Bxd7 24.Rc7 Be6 25.Bxe5 Bf7 26.f4 Bf8 27.Kf1 a4 28.Rd1 axb3 29.axb3 Re7
30.Rxe7 Bxe7 31.Bd5 Bc5 32.Bc4 Bxc4+ 33.bxc4 Kf7 34.Ra1 Rxa1+ 35.Bxa1 Ke6
36.Ke2 Kd6 37.Bc3 Kc6 38.h3 Kd6 39.Be5+ Ke6 40.Kf3 Bg1 41.Bg7 Kd6 42.Bf8+ Kc6
43.Be7 Bc5 44.Bf6 Kb7 45.Bg7 Bb4 46.g4 Bd2 47.gxf5 gxf5 48.Be5 Kc6 49.Ke2 Bc1
50.Kd3 Ba3 51.Bd4 Bd6 52.Be3 Be7 53.Bc1 Bc5 54.Bb2 Kb7 55.Bd4 Bd6 56.Be3 Kc6
57.Bc1 Bc5 58.Bb2 Bd6  1/2-1/2

[Event "Recklinghausen op"]
[Site "Recklinghausen"]
[Date "1999.??.??"]
[Round "7"]
[White "Schmittdiel, Eckhard"]
[Black "Rotshtein, Efim"]
[Result "1/2-1/2"]
[WhiteElo "2505"]
[BlackElo "2335"]

1.c4 e5 2.g3 d6 3.Bg2 f5 4.Nc3 Nf6 5.d3 Be7 6.e4 Nc6 7.Nge2 O-O 8.O-O Qe8
9.Nd5 Nxd5 10.cxd5 Nd8 11.h3 c5 12.dxc6 Nxc6 13.Be3 Be6 14.exf5 Rxf5 15.d4 exd4
16.Nxd4 Nxd4 17.Bxd4 Bd5 18.Qg4 Qf7 19.Bxd5 Rxd5 20.Rfe1 Bf6 21.Bxf6 Qxf6
22.Qc4 Qf7 23.Rac1 Rf8 24.Rc2 h6 25.Kg2 b5 26.Qb3 Rc5 27.Qxf7+ Rxf7 28.Re8+ Rf8
29.Rxf8+ Kxf8 30.Rxc5 dxc5 31.Kf3 Ke7 32.Ke4 Ke6 33.f4 g6 34.g4 h5 35.a3 h4
36.b3 a6 37.a4 bxa4 38.bxa4 a5 39.Ke3 Kd5 40.Kd3 c4+ 41.Kc3 Ke4 42.f5 gxf5
43.gxf5 Kxf5 44.Kxc4 Kf4 45.Kd4 Kg3 46.Ke3 Kxh3 47.Kf3 Kh2 48.Kf2 h3 49.Kf1 Kg3
50.Kg1 Kf3 51.Kh2 Ke4 52.Kxh3 Kd3 53.Kg3 Kc2 54.Kf2 Kb3 55.Ke2 Kxa4 56.Kd2 Kb3
57.Kc1 Ka2  1/2-1/2

[Event "Liechtenstein op"]
[Site "Schaan"]
[Date "1999.??.??"]
[Round "3"]
[White "Thiede, Lars"]
[Black "Rahls, Peter"]
[Result "1-0"]
[WhiteElo "2400"]
[BlackElo "2235"]

1.g3 e5 2.c4 g6 3.Bg2 Bg7 4.Nc3 Nc6 5.Nf3 Nge7 6.O-O O-O 7.Rb1 d6 8.b4 Be6
9.b5 Nd4 10.Nxd4 exd4 11.Nd5 Bxd5 12.cxd5 Qd7 13.Rb4 c6 14.bxc6 bxc6 15.dxc6 Nxc6
16.Qa4 Rac8 17.Rc4 Nb8 18.d3 Rxc4 19.Qxc4 Rc8 20.Qb3 Nc6 21.Ba3 Ne5 22.Rc1 Rxc1+
23.Bxc1 h5 24.Ba3 Kh7 25.Qd5 Ng4 26.h3 Nf6 27.Qxd6 Qa4 28.Qb4 Qd1+ 29.Bf1 h4
30.g4 Qc2 31.Qc4 Qxc4 32.dxc4 Ne4 33.Bb4 Kg8 34.a3 Bf8 35.Bg2 Nc3 36.Kf1 Nb1
37.c5 a5 38.Bxa5 Bxc5 39.a4 Kf8 40.Bd8 Nd2+ 41.Kg1 Nb1 42.Bc6 Nc3 43.Kf1 Na2
44.Bxh4 Nb4 45.Bb5 Bb6 46.Kg2 Nd5 47.Kf3 Kg7 48.g5 Kf8 49.Bg3 Ke7 50.Be5 Nc3
51.Bf6+ Kf8 52.Be5 Nd1 53.h4  1-0

[Event "Liechtenstein op"]
[Site "Schaan"]
[Date "1999.??.??"]
[Round "5"]
[White "Thiede, Lars"]
[Black "Pribyl, Josef"]
[Result "0-1"]
[WhiteElo "2400"]
[BlackElo "2420"]

1.g3 e5 2.c4 Nc6 3.Bg2 g6 4.Nc3 Bg7 5.Nf3 d6 6.d3 f5 7.O-O Nf6 8.Rb1 h6 9.b4 g5
10.b5 Ne7 11.Qb3 Be6 12.Nd2 Qc8 13.Nd5 Nexd5 14.cxd5 Bd7 15.Ba3 O-O 16.Nc4 b6
17.Bb2 Qe8 18.a4 a6 19.Bc3 axb5 20.axb5 f4 21.Nd2 Qh5 22.f3 Qf7 23.Ne4 Nxd5
24.Bd2 Be6 25.Rfc1 Ne3 26.Qc3 d5 27.Nf2 Nxg2 28.Kxg2 fxg3 29.hxg3 e4 30.d4 Ra4  0-1

[Event "Liechtenstein op"]
[Site "Schaan"]
[Date "1999.??.??"]
[Round "9"]
[White "Thiede, Lars"]
[Black "Visser, Yge"]
[Result "1-0"]
[WhiteElo "2400"]
[BlackElo "2410"]

1.g3 e5 2.c4 d6 3.Bg2 g6 4.Nc3 Bg7 5.d3 f5 6.Nf3 Nc6 7.O-O Nf6 8.Rb1 h6 9.b4 Be6
10.Nd2 Qc8 11.b5 Ne7 12.Ba3 f4 13.Qa4 Bh3 14.c5 d5 15.c6 b6 16.Bxe7 Kxe7
17.Nf3 Bxg2 18.Kxg2 Qe6 19.gxf4 Qg4+ 20.Kh1 Qxf4 21.Qxf4 exf4 22.Ne5 g5 23.Ng6+ Kd6
24.Nxh8 Rxh8 25.e4 fxe3 26.fxe3 Ng4 27.Nd1 Ke6 28.d4 Bf8 29.h3 Nf6 30.Nc3 Bd6
31.Rxf6+ Kxf6 32.Nxd5+ Ke6 33.e4 Rf8 34.Kg2 h5 35.Rf1 Rxf1 36.Kxf1 h4 37.Kg2 Bg3
38.Kf3 Bh2 39.Ne3 Bg1 40.d5+  1-0

[Event "Staufer-Open 11th"]
[Site "Schwaebisch Gmuend"]
[Date "1999.??.??"]
[Round "1"]
[White "Arbakov, Valentin"]
[Black "Krebs, Armin"]
[Result "1-0"]
[WhiteElo "2475"]
[BlackElo "1828"]

1.c4 e5 2.g3 Nc6 3.Bg2 g6 4.Nc3 Bg7 5.Rb1 d6 6.b4 h5 7.b5 Nce7 8.h4 Nf6 9.Nf3 O-O
10.d3 Bd7 11.O-O Ng4 12.Qb3 Kh8 13.Ng5 f6 14.Nh3 Qc8 15.e4 Nh6 16.Kh2 Ng4+
17.Kh1 Bh6 18.Bxh6 Nxh6 19.Ng1 g5 20.Nf3 Rg8 21.Nd5 Nxd5 22.cxd5 Bg4 23.d4 Qd7
24.dxe5 fxe5 25.Nxg5 Rxg5 26.hxg5 Nf7 27.Qe3 Rg8 28.f4 Bh3 29.Rf2 h4 30.Bxh3 Qxh3+
31.Rh2  1-0

[Event "Sportland-NRW-Cup"]
[Site "Senden"]
[Date "1999.??.??"]
[Round "7"]
[White "Pollmann, Sascha"]
[Black "Kemper, Meinolf"]
[Result "0-1"]
[WhiteElo "2185"]
[BlackElo "2105"]

1.c4 e5 2.g3 Nc6 3.Bg2 g6 4.Nc3 Bg7 5.e4 d6 6.Nge2 Be6 7.d3 Qd7 8.O-O Bh3
9.Be3 h5 10.f4 h4 11.f5 hxg3 12.Nxg3 Nf6 13.Bxh3 Rxh3 14.Nd5 Nxd5 15.cxd5 Nd4
16.Qd2 gxf5 17.Nxf5 O-O-O 18.Bxd4 exd4 19.Nxg7 Rg8 20.Rf5 Rxg7+ 21.Kh1 Qb5
22.Raf1 Qxd3 23.Qxd3 Rxd3 24.Rxf7 Rxf7 25.Rxf7 Re3 26.Rf2 Rxe4 27.Rd2 c5
28.dxc6 bxc6 29.Kg2 c5 30.Kf3 Re3+ 31.Kf4 Kd7 32.h4 Ke6 33.Kg5 Ke5 34.h5 Rg3+
35.Kh4 Rg8 36.h6 Ke4 37.Kh5 d3 38.Rh2 Ke3 39.Rh3+ Ke2 40.h7 Rh8 41.Kg6 d2
42.Rh2+ Kd3 43.Rh3+ Kc2 44.Rh2 Kc1 45.Rh1+ d1=Q  0-1

[Event "RUS-ch U16"]
[Site "Serpukhov"]
[Date "1999.??.??"]
[Round "4"]
[White "Lylov, Igor"]
[Black "Kasymov, Oleg"]
[Result "1-0"]
[WhiteElo "2170"]
[BlackElo "2223"]

1.c4 e5 2.g3 Nc6 3.Bg2 g6 4.Nc3 Bg7 5.d3 d6 6.e4 Nge7 7.Nge2 O-O 8.O-O f5
9.f4 Be6 10.Be3 Qd7 11.Nd5 Nd4 12.Qd2 c6 13.Nxe7+ Qxe7 14.fxe5 dxe5 15.Nxd4 exd4
16.Bg5 Qd7 17.Rae1 fxe4 18.Rxe4 Rxf1+ 19.Bxf1 Re8 20.Qa5 a6 21.Qe1 Kf7 22.Qf2+ Kg8
23.Qe2 Bf7 24.Rxe8+ Qxe8 25.Qxe8+ Bxe8 26.Bh3 b5 27.b3 a5 28.Bd2 a4 29.bxa4 bxa4
30.Be6+ Kh8 31.Bb4 h5 32.Be7 Bh6 33.Kf2 Kg7 34.Kf3 Be3 35.Ke4 g5 36.h3 Bg6+
37.Bf5 Be8 38.Bc5 Kf6 39.g4 hxg4 40.hxg4 Bc1 41.Bxd4+ Ke7 42.Bc5+ Kf6 43.a3 Bf4
44.d4 Bc7 45.d5 cxd5+ 46.cxd5 Bd8 47.Be6 Bg6+ 48.Kd4 Bc2 49.Bd6 Bb6+ 50.Kc4 Be3
51.Kb5 Bb3 52.Kc6 Bc4 53.Bc5 Bf4 54.Bf5 Ke5 55.d6 Bd5+ 56.Kb6  1-0

[Event "Sevilla op"]
[Site "Sevilla"]
[Date "1999.??.??"]
[Round "1"]
[White "Suba, Mihai"]
[Black "Gonzalez, Francisco"]
[Result "1-0"]
[WhiteElo "2550"]
[BlackElo "1950"]

1.c4 e5 2.g3 Bc5 3.a3 a5 4.e3 d6 5.d4 exd4 6.exd4 Bb6 7.Bg2 Qf6 8.Be3 Ne7
9.Nc3 O-O 10.Nge2 c6 11.Qd2 h6 12.O-O Bf5 13.h3 Qe6 14.b3 Ng6 15.g4 Bxg4
16.hxg4 Qxg4 17.f3 Qh4 18.Bf2 Qd8 19.Rad1 Nd7 20.Ne4 Bc7 21.d5 c5 22.f4 f5
23.N4c3 Qf6 24.Nb5 Bd8 25.Nec3 Nb6 26.Rfe1 Be7 27.Re6 Qf7 28.Nxd6 Bxd6 29.Rxd6 Nc8
30.Re6 b6 31.d6 Ra7 32.d7  1-0

[Event "Sevilla op"]
[Site "Sevilla"]
[Date "1999.??.??"]
[Round "4"]
[White "Neto, Horacio"]
[Black "Callau, A."]
[Result "1-0"]
[WhiteElo "2175"]
[BlackElo "2030"]

1.c4 e5 2.g3 Nc6 3.Bg2 d6 4.Nc3 f5 5.d3 Be7 6.Nd5 Nf6 7.b4 Nd4 8.e3 Ne6 9.Ne2 O-O
10.O-O c6 11.Nxe7+ Qxe7 12.f4 e4 13.d4 d5 14.c5 Nc7 15.a4 a6 16.Nc3 Bd7 17.Ba3 Qe6
18.Qd2 Kh8 19.b5 axb5 20.axb5 Rfb8 21.b6 Nce8 22.Bb4 Rxa1 23.Rxa1 Qe7 24.Ne2 Qd8
25.Ra7 Ng8 26.Nc1 Ne7 27.Qa2 Nf6 28.Nb3 h5 29.Be1 g6 30.Bf1 Ng4 31.Qd2 Nh6
32.h3 Qe8 33.Qa2 Be6 34.Be2 Bd7 35.Bd1 Qf8 36.Na5 Bc8 37.Qh2 Nf7 38.g4 hxg4
39.hxg4+ Kg7 40.Bh4 Nd8 41.Bg5 Qf7 42.Qh6+ Kg8 43.Qh4 Kf8 44.Qh8+ Qg8 45.Bxe7+  1-0

[Event "Sevilla op"]
[Site "Sevilla"]
[Date "1999.??.??"]
[Round "5"]
[White "Komljenovic, Davor"]
[Black "Yakovich, Yuri"]
[Result "1-0"]
[WhiteElo "2480"]
[BlackElo "2560"]

1.c4 e5 2.g3 Nf6 3.Bg2 d5 4.cxd5 Nxd5 5.Nc3 Nb6 6.Nf3 Nc6 7.O-O Be7 8.a3 O-O
9.b4 Be6 10.Rb1 f6 11.d3 a5 12.b5 Nd4 13.Nd2 Qc8 14.e3 Nf5 15.Qc2 Rd8 16.Rd1 a4
17.Bb2 Ra5 18.Nc4 Nxc4 19.dxc4 Bxc4 20.Rxd8+ Bxd8 21.Nxa4 Nd6 22.Nc3 Bxb5
23.Nxb5 Rxb5 24.a4 Rb4 25.Rc1 Kh8 26.Bd5 Rb6 27.Bc3 c6 28.Bg2 Be7 29.Bf1 Qe6
30.Ba5 Rb3 31.Bc7 Rb4 32.a5 Nb5 33.Bb6 Na3 34.Qd2 Rb1 35.Rxb1 Nxb1 36.Qc1 Na3
37.Bc5 Bxc5 38.Qxc5 Nb1 39.Qf8+ Qg8 40.Qb4 Qa2 41.Bc4  1-0

[Event "Sutton op"]
[Site "Sutton"]
[Date "1999.??.??"]
[Round "3"]
[White "Webster, Andrew"]
[Black "Van de Berkmortel, Theo"]
[Result "1-0"]
[WhiteElo "2430"]
[BlackElo "2262"]

1.c4 e5 2.g3 Nc6 3.Bg2 f5 4.Nc3 Nf6 5.e3 d5 6.cxd5 Nb4 7.d3 Nfxd5 8.Nxd5 Nxd5
9.Nf3 Bd6 10.O-O Be6 11.e4 fxe4 12.Ng5 Bg8 13.Bxe4 Qf6 14.Nf3 Be6 15.d4 exd4
16.Bg5 Qf7 17.Nxd4 c6 18.Nxe6 Qxe6 19.Re1 Kd7 20.Qb3 Kc7 21.Rad1 Rae8 22.Bxd5 Qxe1+
23.Rxe1 Rxe1+ 24.Kg2 Re5 25.Bxc6 Kxc6 26.Bf4 Rd5 27.Qc4+ Rc5 28.Qa4+ Kc7
29.Qd4  1-0